[Event "EU-ch U18 31st"]
[Site "Mamaia"]
[Date "2023.09.05"]
[Round "1"]
[White "Droin, Augustin"]
[Black "Magalakis, Stefanos"]
[Result "1-0"]
[WhiteElo "2478"]
[BlackElo "2207"]
[PlyCount "65"]
[EventDate "2023.09.05"]
[EventType "swiss"]
[EventRounds "9"]
[EventCountry "ROU"]
[SourceTitle "EXT 2024"]
[Source "ChessBase"]
[SourceDate "2023.10.10"]
[SourceVersion "1"]
[SourceVersionDate "2023.10.10"]
[SourceQuality "1"]

1. e4 e5 2. Nf3 Nc6 3. Bb5 a6 4. Ba4 Bc5 5. c3 Nge7 6. 0-0 Ng6 7. d4 Ba7 8. Bg5 f6 9. Be3 0-0 10. d5 Nce7 11. Bxa7 Rxa7 12. d6 cxd6 13. Qxd6 b5 14. Bb3+ Kh8 15. a4 Qc7 16. Rd1 Rb7 17. Qxc7 Rxc7 18. axb5 axb5 19. Na3 Rb7 20. Nc2 Rb6 21. Ra7 d6 22. Nh4 Nxh4 23. Rxe7 f5 24. Ne3 fxe4 25. Ra1 Ng6 26. Rc7 Rb7 27. Rc6 Rb8 28. Ra7 Nh4 29. Rxd6 Nf5 30. Rf7 Be6 31. Rxf8+ Rxf8 32. Rxe6 Ra8 33. h3 1-0

[Event "World ol U16"]
[Site "Eindhoven"]
[Date "2023.08.18"]
[Round "9.4"]
[White "Magalakis, Stefanos"]
[Black "Ahmad, Khagan"]
[Result "1/2-1/2"]
[WhiteElo "2189"]
[BlackElo "2340"]
[PlyCount "157"]
[EventDate "2023.08.13"]
[EventType "team-swiss"]
[EventRounds "9"]
[EventCountry "NED"]
[SourceTitle "CBM 215 Extra"]
[Source "ChessBase"]
[SourceDate "2023.09.30"]
[SourceVersion "1"]
[SourceVersionDate "2023.09.30"]
[SourceQuality "1"]
[WhiteTeam "Greece"]
[BlackTeam "Azerbaijan"]
[WhiteTeamCountry "GRE"]
[BlackTeamCountry "AZE"]

1. d4 Nf6 2. Nf3 d5 3. g3 e6 4. Bg2 c5 5. 0-0 cxd4 6. Nxd4 e5 7. Nb3 Be6 8. Bg5 Nbd7 9. Nc3 h6 10. Bc1 Nb6 11. a4 Bb4 12. a5 Nc4 13. a6 bxa6 14. Nd2 Nb6 15. Rxa6 Bxc3 16. bxc3 Qc8 17. Ra1 0-0 18. Ba3 Re8 19. Bb4 Bh3 20. Nb3 Bxg2 21. Kxg2 Ne4 22. h3 Nxc3 23. Bxc3 Qxc3 24. Qd3 Rec8 25. Ra2 Qc6 26. Rfa1 Rc7 27. e3 d4+ 28. e4 f5 29. Nd2 f4 30. Nf3 fxg3 31. Nxe5 Qe6 32. Qxg3 Rc3 33. Nd3 Qxe4+ 34. Kh2 Qb7 35. Qd6 Qc7 36. Qxc7 Rxc7 37. Ra6 Nd7 38. Kg2 Nf6 39. R1a2 Kh7 40. Rd6 Rd7 41. Rxd7 Nxd7 42. Ra4 a5 43. Rxd4 Ra7 44. Ra4 Nb6 45. Ra2 a4 46. Kf3 a3 47. Ke2 Nc4 48. Nb4 Rd7 49. Nd3 Kg6 50. Ra1 Rb7 51. Kf3 Kf5 52. Ke2 g5 53. f3 Re7+ 54. Kf2 Ra7 55. Ke2 h5 56. Kf2 h4 57. Ra2 Nd6 58. Ke3 Nb5 59. Kd2 Nd4 60. c4 Nxf3+ 61. Kc3 Ng1 62. Nf2 Kf4 63. c5 Nf3 64. Kb4 Kg3 65. c6 Rc7 66. Kc5 Ne5 67. Kd6 Rxc6+ 68. Kxe5 Ra6 69. Ne4+ Kxh3 70. Nxg5+ Kg3 71. Ne4+ Kf3 72. Nd2+ Kg3 73. Ne4+ Kg4 74. Kd4 Ra4+ 75. Ke3 Ra5 76. Nf2+ Kg3 77. Ne4+ Kh3 78. Kf4 Rf5+ 79. Kxf5 1/2-1/2

[Event "GRE-ch U16"]
[Site "Thessaloniki"]
[Date "2022.08.21"]
[Round "6"]
[White "Fragkos, Vasileios"]
[Black "Magalakis, Stefanos"]
[Result "1/2-1/2"]
[WhiteElo "2064"]
[BlackElo "2185"]
[PlyCount "60"]
[EventDate "2022.08.18"]
[EventType "swiss"]
[EventRounds "9"]
[EventCountry "GRE"]
[SourceTitle "EXT 2023"]
[Source "ChessBase"]
[SourceDate "2022.10.05"]
[SourceVersion "1"]
[SourceVersionDate "2022.10.05"]
[SourceQuality "1"]

1. e4 e5 2. Nc3 Nf6 3. d4 exd4 4. Qxd4 Nc6 5. Qd3 d5 6. Bf4 d4 7. Nb5 Bb4+ 8. c3 dxc3 9. Qxd8+ Kxd8 10. Bxc7+ Ke7 11. bxc3 Bc5 12. Bd3 a6 13. Nd4 Nxd4 14. cxd4 Bxd4 15. Rb1 Ng4 16. Bg3 Rd8 17. Bc4 Nf6 18. f3 b5 19. Bb3 Be6 20. Ne2 Be3 21. Bh4 g5 22. Bf2 Bd2+ 23. Kf1 Rac8 24. Nd4 Bc3 25. Nxe6 fxe6 26. Be3 Bd2 27. Bf2 Bc3 28. Be3 Bd2 29. Bf2 Bc3 30. Be3 Bd2 1/2-1/2

[Event "GRE-ch U16"]
[Site "Thessaloniki"]
[Date "2022.08.19"]
[Round "2"]
[White "Magalakis, Stefanos"]
[Black "Koulouris, Evangelos"]
[Result "1/2-1/2"]
[WhiteElo "2185"]
[BlackElo "1895"]
[PlyCount "93"]
[EventDate "2022.08.18"]
[EventType "swiss"]
[EventRounds "9"]
[EventCountry "GRE"]
[SourceTitle "EXT 2023"]
[Source "ChessBase"]
[SourceDate "2022.10.05"]
[SourceVersion "1"]
[SourceVersionDate "2022.10.05"]
[SourceQuality "1"]

1. e4 e5 2. Nc3 Nc6 3. Bc4 Nf6 4. d3 Bb4 5. Bd2 d6 6. a3 Ba5 7. Nge2 Be6 8. 0-0 0-0 9. Ng3 Bxc3 10. Bxc3 d5 11. Ba2 Qd6 12. Re1 Rfe8 13. h3 Rad8 14. Qf3 dxe4 15. Nxe4 Nxe4 16. Rxe4 Bxa2 17. Rxa2 Nd4 18. Bxd4 exd4 19. Ra1 Rxe4 20. Qxe4 Qd5 21. Qe7 Qd7 22. Re1 h6 23. g3 b6 24. h4 c5 25. b3 a5 26. a4 Qxe7 27. Rxe7 g6 28. g4 Rd6 29. Kg2 Kg7 30. f4 Kf6 31. Re4 Re6 32. Kf3 h5 33. Rxe6+ Kxe6 34. f5+ Ke5 35. Kg3 hxg4 36. fxg6 fxg6 37. Kxg4 Ke6 38. Kg5 Kf7 39. Kg4 Ke6 40. Kf4 Kf6 41. Ke4 Ke6 42. Kf4 Kf6 43. Kg4 Ke6 44. Kg5 Kf7 45. h5 gxh5 46. Kxh5 Kf6 47. Kg4 1/2-1/2

[Event "GRE-chT 49th"]
[Site "Thessaloniki"]
[Date "2022.08.15"]
[Round "5.4"]
[White "Nteligiorgis, Eleftherios"]
[Black "Magalakis, Stefanos"]
[Result "1/2-1/2"]
[WhiteElo "2023"]
[BlackElo "2185"]
[PlyCount "77"]
[EventDate "2022.08.12"]
[EventType "team-swiss"]
[EventRounds "7"]
[EventCountry "GRE"]
[SourceTitle "CBM 209 Extra"]
[Source "ChessBase"]
[SourceDate "2022.09.30"]
[SourceVersion "1"]
[SourceVersionDate "2022.09.30"]
[SourceQuality "1"]
[WhiteTeam "Ames Neas Erythreas"]
[BlackTeam "Thessaloniki ES"]
[WhiteTeamCountry "GRE"]
[BlackTeamCountry "GRE"]

1. e4 e5 2. Nf3 Nc6 3. Bc4 Nf6 4. d4 exd4 5. 0-0 Nxe4 6. Re1 d5 7. Bxd5 Qxd5 8. Nc3 Qd7 9. Nxe4 Be7 10. Bg5 0-0 11. Bxe7 Qxe7 12. Nxd4 Bd7 13. Nc3 Qb4 14. Nb3 Be6 15. Re4 Qe7 16. Qe2 a6 17. Rd1 Qg5 18. h4 Qg6 19. Nd5 Rad8 20. c4 h5 21. Nc5 Bg4 22. f3 Bf5 23. Re3 Bc8 24. Nd3 Qh6 25. Ne5 Nxe5 26. Rxe5 Be6 27. g4 Bxd5 28. Rdxd5 Rxd5 29. cxd5 hxg4 30. fxg4 Qxh4 31. Kg2 g6 32. Re7 Qg5 33. Qe4 Qc1 34. Qe5 Qd2+ 35. Kg3 Rd8 36. Rxc7 Qd3+ 37. Kf2 Qxd5 38. Qxd5 Rxd5 39. Rxb7 1/2-1/2

[Event "EU-ch U16 Rapid"]
[Site "Thessaloniki"]
[Date "2022.07.20"]
[Round "2"]
[White "Filip, Andrei"]
[Black "Magalakis, Stefanos"]
[Result "1-0"]
[WhiteElo "1991"]
[BlackElo "1773"]
[PlyCount "93"]
[EventDate "2022.07.20"]
[EventType "swiss (rapid)"]
[EventRounds "9"]
[EventCountry "GRE"]
[SourceTitle "EXT 2023"]
[Source "ChessBase"]
[SourceDate "2022.10.05"]
[SourceVersion "1"]
[SourceVersionDate "2022.10.05"]
[SourceQuality "1"]

1. e4 e5 2. Nf3 Nc6 3. Bc4 Nf6 4. Ng5 d5 5. exd5 Na5 6. Bb5+ c6 7. dxc6 bxc6 8. Bd3 Nd5 9. Nf3 Bd6 10. 0-0 0-0 11. Re1 Re8 12. Nc3 f5 13. Nxd5 cxd5 14. Bf1 Nc6 15. c3 f4 16. d3 Qf6 17. b4 a6 18. a4 Kh8 19. Rb1 Bg4 20. b5 Ne7 21. Be2 Ng6 22. Nd2 Bxe2 23. Qxe2 Qg5 24. c4 Nh4 25. Qf1 axb5 26. axb5 dxc4 27. dxc4 Bc5 28. Ne4 Qe7 29. Kh1 Bd4 30. Bb2 Red8 31. Bxd4 Rxd4 32. b6 Rb8 33. c5 Qe6 34. f3 Nf5 35. Qb5 Ne3 36. c6 Qg6 37. Rb2 Rxe4 38. c7 Rg8 39. fxe4 Qxe4 40. Qe2 Qc6 41. Qf3 Qc3 42. Rbb1 g5 43. Rec1 Qd3 44. c8Q Rxc8 45. Rxc8+ Kg7 46. Rbc1 g4 47. Qc6 1-0

[Event "EU-chT U18"]
[Site "Thessaloniki"]
[Date "2022.07.14"]
[Round "3.8"]
[White "Magalakis, Stefanos"]
[Black "Bilych, Olexiy"]
[Result "0-1"]
[WhiteElo "2181"]
[BlackElo "2365"]
[PlyCount "124"]
[EventDate "2022.07.12"]
[EventType "team-swiss"]
[EventRounds "7"]
[EventCountry "GRE"]
[SourceTitle "CBM 209 Extra"]
[Source "ChessBase"]
[SourceDate "2022.09.30"]
[SourceVersion "1"]
[SourceVersionDate "2022.09.30"]
[SourceQuality "1"]
[WhiteTeam "Greece Esth U18"]
[BlackTeam "Ukraine U18"]
[WhiteTeamCountry "GRE"]
[BlackTeamCountry "UKR"]

1. Nf3 d5 2. g3 Nd7 3. d4 Nb6 4. Bg2 Bf5 5. 0-0 e6 6. Nbd2 Nf6 7. c4 dxc4 8. Nh4 c6 9. Nxf5 exf5 10. e3 Qd7 11. Qc2 Qe6 12. Rd1 Bb4 13. Bf1 Bxd2 14. Bxd2 h5 15. b3 h4 16. bxc4 hxg3 17. hxg3 Ng4 18. Bg2 Nxc4 19. e4 fxe4 20. Bxe4 Nxd2 21. Rxd2 Kf8 22. Qc5+ Kg8 23. Re2 Qh6 24. Bg2 Qh2+ 25. Kf1 Rh5 26. Qc2 g6 27. Re4 Nf6 28. Re5 Rd8 29. Qc5 Rxe5 30. Qxe5 Kg7 31. Qf4 Qh5 32. Re1 Qb5+ 33. Kg1 Qb4 34. Rd1 c5 35. Qf3 Rxd4 36. Rc1 Rd7 37. a3 Qd4 38. Bh3 Re7 39. Rd1 Qe5 40. Qb3 b6 41. Bf1 Ng4 42. Qf3 Nf6 43. a4 Qe4 44. Qc3 Qxa4 45. Rd6 Re6 46. Rxe6 fxe6 47. Qe5 Qd7 48. Bc4 Qd1+ 49. Kg2 Qd4 50. Qxe6 Qe4+ 51. f3 Qxe6 52. Bxe6 Ne8 53. Kf2 Kf6 54. Bd7 Nd6 55. f4 b5 56. Ke3 a5 57. Kd3 a4 58. Kc2 a3 59. Kc3 b4+ 60. Kb3 c4+ 61. Ka2 Ne4 62. Kb1 b3 0-1

[Event "EU-chT U18"]
[Site "Thessaloniki"]
[Date "2022.07.13"]
[Round "2.10"]
[White "Magalakis, Stefanos"]
[Black "Zeneli, Klendi"]
[Result "1-0"]
[WhiteElo "2181"]
[BlackElo "1921"]
[PlyCount "31"]
[EventDate "2022.07.12"]
[EventType "team-swiss"]
[EventRounds "7"]
[EventCountry "GRE"]
[SourceTitle "CBM 209 Extra"]
[Source "ChessBase"]
[SourceDate "2022.09.30"]
[SourceVersion "1"]
[SourceVersionDate "2022.09.30"]
[SourceQuality "1"]
[WhiteTeam "Greece Esth U18"]
[BlackTeam "Albania U18"]
[WhiteTeamCountry "GRE"]
[BlackTeamCountry "ALB"]

1. e4 e5 2. Nc3 Nf6 3. d4 exd4 4. Qxd4 Nc6 5. Qd3 d5 6. Bf4 Bb4 7. 0-0-0 Bxc3 8. Qxc3 d4 9. Qa3 Be6 10. Bb5 Nxe4 11. Nf3 Qf6 12. Be5 Qh6+ 13. Kb1 Nxf2 14. Nxd4 0-0-0 15. Bxc6 Rxd4 16. Rxd4 1-0

[Event "EU-chT U18"]
[Site "Thessaloniki"]
[Date "2022.07.12"]
[Round "1.9"]
[White "Yaniv, Yuval"]
[Black "Magalakis, Stefanos"]
[Result "1-0"]
[WhiteElo "2305"]
[BlackElo "2181"]
[PlyCount "85"]
[EventDate "2022.07.12"]
[EventType "team-swiss"]
[EventRounds "7"]
[EventCountry "GRE"]
[SourceTitle "CBM 209 Extra"]
[Source "ChessBase"]
[SourceDate "2022.09.30"]
[SourceVersion "1"]
[SourceVersionDate "2022.09.30"]
[SourceQuality "1"]
[WhiteTeam "Israel Tel Aviv U18"]
[BlackTeam "Greece Esth U18"]
[WhiteTeamCountry "ISR"]
[BlackTeamCountry "GRE"]

1. e4 e5 2. Nf3 Nc6 3. Bb5 a6 4. Ba4 d6 5. c3 Bd7 6. d4 g6 7. 0-0 Bg7 8. Re1 b5 9. Bc2 Nf6 10. Be3 0-0 11. h3 Re8 12. Nbd2 Qc8 13. dxe5 Nxe5 14. Nxe5 dxe5 15. Nb3 Bc6 16. Qf3 a5 17. Nc5 a4 18. b4 Nd7 19. a3 Nxc5 20. Bxc5 Qe6 21. Qe2 Bf8 22. Bxf8 Rxf8 23. Bd3 Rab8 24. c4 bxc4 25. Bxc4 Qf6 26. Rac1 Rbd8 27. Qf3 Qxf3 28. gxf3 Rd6 29. Bf1 Rb8 30. Rc5 f6 31. Rec1 Rb6 32. h4 h5 33. b5 Bd7 34. Rxc7 Kf8 35. Ra7 Ke8 36. Kg2 Bxb5 37. Bxb5+ Rxb5 38. Rcc7 Kd8 39. Rg7 Kc8 40. Ra8+ Rb8 41. Rg8+ Rd8 42. Rxd8+ Kxd8 43. Rxb8+ 1-0

[Event "Novi Sad Serbia op-A"]
[Site "Novi Sad"]
[Date "2022.07.04"]
[Round "7"]
[White "Loshkarev, Dmitri"]
[Black "Magalakis, Stefanos"]
[Result "0-1"]
[WhiteElo "2094"]
[BlackElo "2181"]
[PlyCount "94"]
[EventDate "2022.06.28"]
[EventType "swiss"]
[EventRounds "9"]
[EventCountry "SRB"]
[SourceTitle "EXT 2024"]
[Source "ChessBase"]
[SourceDate "2023.10.10"]
[SourceVersion "1"]
[SourceVersionDate "2023.10.10"]
[SourceQuality "1"]

1. e4 e5 2. Nc3 Nf6 3. Bc4 Nxe4 4. Qh5 Nd6 5. Qxe5+ Qe7 6. Qxe7+ Bxe7 7. d3 c6 8. Nf3 a5 9. a4 Nf5 10. d4 d5 11. Bd3 Na6 12. Bxa6 Rxa6 13. Bf4 f6 14. g4 Nd6 15. h3 g5 16. Bg3 h5 17. gxh5 Rxh5 18. h4 Nf5 19. 0-0-0 Nxg3 20. fxg3 Bg4 21. Rhf1 gxh4 22. gxh4 Bd6 23. Rde1+ Kd7 24. Ne2 Ra8 25. Kb1 Re8 26. Neg1 Re4 27. c3 Bg3 28. Rc1 Rf5 29. h5 Rxh5 30. Nd2 Rf4 31. Nb3 b6 32. Rxf4 Bxf4 33. Rf1 Be3 34. Re1 Bf2 35. Rf1 Rh2 36. Nd2 Bxd4 37. Ndf3 Bxf3 38. cxd4 Be4+ 39. Ka2 f5 40. Nf3 Bxf3 41. Rxf3 Ke6 42. Re3+ Kf6 43. Rb3 f4 44. Rxb6 f3 45. Rxc6+ Kf5 46. Rc8 Ke4 47. Rf8 Rh4 0-1

[Event "Novi Sad Serbia op-A"]
[Site "Novi Sad"]
[Date "2022.06.28"]
[Round "1"]
[White "Magalakis, Stefanos"]
[Black "Kilic, Eray"]
[Result "0-1"]
[WhiteElo "2181"]
[BlackElo "2422"]
[PlyCount "108"]
[EventDate "2022.06.28"]
[EventType "swiss"]
[EventRounds "9"]
[EventCountry "SRB"]
[SourceTitle "EXT 2023"]
[Source "ChessBase"]
[SourceDate "2022.10.05"]
[SourceVersion "1"]
[SourceVersionDate "2022.10.05"]
[SourceQuality "1"]

1. d4 Nf6 2. Nf3 g6 3. Bg5 Bg7 4. Nbd2 d5 5. e3 0-0 6. Be2 c5 7. c3 b6 8. 0-0 Nc6 9. h3 Bb7 10. Rb1 Ne4 11. Bf4 Rc8 12. Bh2 Re8 13. Rc1 Nxd2 14. Qxd2 e5 15. Nxe5 Nxe5 16. Bxe5 Bxe5 17. dxe5 Rxe5 18. Bf3 Qe7 19. Rfd1 Rd8 20. c4 d4 21. Bxb7 Qxb7 22. exd4 Rxd4 23. Qc3 Qe4 24. Rxd4 cxd4 25. Qd2 d3 26. Rd1 Qxc4 27. Qc3 Qxc3 28. bxc3 Rd5 29. f4 Kf8 30. Kf2 Ke7 31. Ke3 Rc5 32. Rd2 Ke6 33. Kxd3 Rd5+ 34. Ke3 Rxd2 35. Kxd2 Kd5 36. Kd3 b5 37. Ke3 Kc4 38. Kd2 f5 39. g4 h6 40. gxf5 gxf5 41. Kc2 a5 42. h4 a4 43. Kd2 h5 44. Kc2 b4 45. cxb4 Kxb4 46. Kb2 a3+ 47. Kc2 Kc4 48. Kd2 Kd4 49. Kc2 Ke3 50. Kb3 Kxf4 51. Kxa3 Ke3 52. Kb4 f4 53. a4 f3 54. a5 f2 0-1

[Event "Thessaloniki-Chalkidiki-ch U16"]
[Site "Thessaloniki"]
[Date "2022.04.20"]
[Round "5"]
[White "Moschopoulos, Aristeidis"]
[Black "Magalakis, Stefanos"]
[Result "0-1"]
[WhiteElo "1066"]
[BlackElo "2165"]
[PlyCount "70"]
[EventDate "2022.04.15"]
[EventType "swiss"]
[EventRounds "5"]
[EventCountry "GRE"]
[SourceTitle "EXT 2024"]
[Source "ChessBase"]
[SourceDate "2023.10.10"]
[SourceVersion "1"]
[SourceVersionDate "2023.10.10"]
[SourceQuality "1"]

1. d4 Nf6 2. c4 e6 3. Nc3 Bb4 4. Nf3 Bxc3+ 5. bxc3 d6 6. Bg5 h6 7. Bh4 Qe7 8. e3 0-0 9. Bd3 e5 10. Nd2 c5 11. d5 Re8 12. 0-0 Nbd7 13. Bf5 Nf8 14. Bxc8 Raxc8 15. Qe2 g5 16. Bg3 Ng6 17. f3 Nh5 18. Rab1 Rf8 19. Rb2 f5 20. Bf2 Nf6 21. Qd3 e4 22. Qc2 Rce8 23. Re1 Qh7 24. Bg3 f4 25. exf4 gxf4 26. Nxe4 Nxe4 27. Rxe4 fxg3 28. Rxe8 Rxe8 29. hxg3 b6 30. f4 Nf8 31. Qc1 Qd3 32. Rf2 Qe3 33. Qa3 Qe1+ 34. Rf1 Qxg3 35. Qxa7 Re2 0-1

[Event "Thessaloniki-Chalkidiki-ch U16"]
[Site "Thessaloniki"]
[Date "2022.04.18"]
[Round "3"]
[White "Magalakis, Stefanos"]
[Black "Stoimenidis, Dimitrios"]
[Result "1-0"]
[WhiteElo "2165"]
[BlackElo "1949"]
[PlyCount "41"]
[EventDate "2022.04.15"]
[EventType "swiss"]
[EventRounds "5"]
[EventCountry "GRE"]
[SourceTitle "EXT 2024"]
[Source "ChessBase"]
[SourceDate "2023.10.10"]
[SourceVersion "1"]
[SourceVersionDate "2023.10.10"]
[SourceQuality "1"]

1. Nf3 Nf6 2. c4 e6 3. g3 d5 4. Bg2 d4 5. d3 c5 6. e4 Nc6 7. e5 Nd7 8. Qe2 Qc7 9. Bf4 g5 10. Nxg5 Ncxe5 11. 0-0 Bg7 12. Qh5 Qb6 13. Bxe5 Nxe5 14. f4 Ng6 15. f5 exf5 16. Re1+ Be6 17. Nxe6 fxe6 18. Qxf5 Kd7 19. Qf7+ Kd8 20. Qxg7 Qxb2 21. Qxb7 1-0

[Event "EU-ch Schools U15"]
[Site "Tornelo INT"]
[Date "2021.12.04"]
[Round "4"]
[White "Agrawal, Shivam"]
[Black "Magalakis, Stefanos"]
[Result "0-1"]
[WhiteElo "1711"]
[BlackElo "2103"]
[PlyCount "74"]
[EventDate "2021.12.03"]
[EventType "swiss (rapid)"]
[EventRounds "7"]
[EventCountry "NET"]
[SourceTitle "EXT 2023"]
[Source "ChessBase"]
[SourceDate "2022.10.05"]
[SourceVersion "1"]
[SourceVersionDate "2022.10.05"]
[SourceQuality "1"]

1. d4 Nf6 2. c4 e6 3. Nc3 Bb4 4. Qc2 Nc6 5. Nf3 d6 6. Bg5 h6 7. Bh4 0-0 8. e3 e5 9. d5 Nb8 10. Bd3 Qe7 11. 0-0 Bxc3 12. bxc3 g5 13. Nxg5 hxg5 14. Bxg5 e4 15. Bxf6 Qxf6 16. Bxe4 Nd7 17. f4 Nc5 18. Rf3 Kh8 19. Raf1 Nxe4 20. Qxe4 Bf5 21. Qd4 Qxd4 22. cxd4 Kg7 23. h3 Rae8 24. g4 Be4 25. Rg3 f5 26. g5 Kg6 27. Rf2 Re7 28. Rb2 b6 29. Kf2 Bd3 30. Rb4 Rfe8 31. Ra4 a5 32. c5 Rb8 33. Rg1 bxc5 34. dxc5 Rb2+ 35. Kf3 Be2+ 36. Kg3 Rxe3+ 37. Kh4 Rb8 0-1

[Event "EU-ch Schools U15"]
[Site "Tornelo INT"]
[Date "2021.12.04"]
[Round "5"]
[White "Magalakis, Stefanos"]
[Black "Talibov, Shiroghlan"]
[Result "0-1"]
[WhiteElo "2103"]
[BlackElo "2335"]
[PlyCount "116"]
[EventDate "2021.12.03"]
[EventType "swiss (rapid)"]
[EventRounds "7"]
[EventCountry "NET"]
[SourceTitle "EXT 2023"]
[Source "ChessBase"]
[SourceDate "2022.10.05"]
[SourceVersion "1"]
[SourceVersionDate "2022.10.05"]
[SourceQuality "1"]

1. d4 Nf6 2. Nf3 g6 3. Bg5 Bg7 4. Nbd2 c5 5. Bxf6 Bxf6 6. Ne4 Bxd4 7. Nxd4 cxd4 8. Qxd4 0-0 9. 0-0-0 Nc6 10. Qd2 Qa5 11. Qxa5 Nxa5 12. e3 d6 13. Nc3 Be6 14. Nd5 Bxd5 15. Rxd5 Nc6 16. a3 a6 17. Be2 Rac8 18. Kb1 Kg7 19. h4 h5 20. g4 hxg4 21. Bxg4 Rc7 22. h5 Rh8 23. Rg1 Ne5 24. Be2 Rh6 25. f4 Nd7 26. hxg6 Rxg6 27. Rxg6+ fxg6 28. Rg5 Rc5 29. Rg2 Kf6 30. Bd3 Nf8 31. b4 Rh5 32. Kb2 Rh3 33. Be4 b6 34. Re2 e5 35. Bd3 a5 36. Rf2 e4 37. Bxe4 Rxe3 38. Bd3 axb4 39. axb4 Rg3 40. Kc3 Rg4 41. Kb3 Ne6 42. f5 Nd4+ 43. Ka4 Nxf5 44. Kb5 Ke5 45. c3 Rg3 46. Rd2 Ne3 47. c4 Rg4 48. Kxb6 Nxc4+ 49. Bxc4 Rxc4 50. b5 g5 51. Ka7 d5 52. b6 Ra4+ 53. Kb8 d4 54. b7 Ke4 55. Rg2 Kf4 56. Kc7 Rc4+ 57. Kd7 Rb4 58. Kc7 d3 0-1

[Event "EU-ch Hybrid U14"]
[Site "Tornelo INT"]
[Date "2021.10.15"]
[Round "4"]
[White "Aleksanyan, Davit"]
[Black "Magalakis, Stefanos"]
[Result "0-1"]
[WhiteElo "1795"]
[BlackElo "2065"]
[PlyCount "66"]
[EventDate "2021.10.15"]
[EventType "swiss"]
[EventRounds "9"]
[EventCountry "NET"]
[SourceTitle "EXT 2023"]
[Source "ChessBase"]
[SourceDate "2022.10.05"]
[SourceVersion "1"]
[SourceVersionDate "2022.10.05"]
[SourceQuality "1"]
[WhiteTeam "Armenia"]
[BlackTeam "Greece"]
[WhiteTeamCountry "ARM"]
[BlackTeamCountry "GRE"]

1. e4 e5 2. d4 exd4 3. Qxd4 Nc6 4. Qe3 Nf6 5. Nc3 Bb4 6. Bd2 0-0 7. 0-0-0 Re8 8. Qg3 Nxe4 9. Nxe4 Rxe4 10. Bg5 Be7 11. Bxe7 Rxe7 12. Nf3 d6 13. Bd3 h6 14. Qf4 Re6 15. g4 Qf6 16. Qg3 Ne5 17. Nd4 Nxd3+ 18. Rxd3 Re4 19. Rhd1 Rxg4 20. Qe3 Bd7 21. f3 Rg2 22. Rc3 c5 23. Nb3 Re8 24. Qd3 Bf5 25. Qxd6 Qxc3 26. bxc3 Rxc2+ 27. Kb1 Ree2 28. Rd3 c4 29. Nc1 cxd3 30. Nxe2 dxe2 31. Qb8+ Kh7 32. Qe5 e1Q+ 33. Qxe1 Re2+ 0-1